<?xml version="1.0" encoding="UTF-8"?>
<record
    xmlns:xsi="http://www.w3.org/2001/XMLSchema-instance"
    xsi:schemaLocation="http://www.loc.gov/MARC21/slim http://www.loc.gov/standards/marcxml/schema/MARC21slim.xsd"
    xmlns="http://www.loc.gov/MARC21/slim">

  <leader>00862naa a2200205 a 4500</leader>
  <controlfield tag="001">81761</controlfield>
  <controlfield tag="003">BD-RjUL</controlfield>
  <controlfield tag="005">20230824114025.0</controlfield>
  <controlfield tag="008">230824s1977    ii ||||| |||| 00| 0 urd d</controlfield>
  <datafield tag="035" ind1=" " ind2=" ">
    <subfield code="a">(BD-RjUL)81761</subfield>
  </datafield>
  <datafield tag="040" ind1=" " ind2=" ">
    <subfield code="a">BD-RjUL</subfield>
    <subfield code="b">eng</subfield>
    <subfield code="c">BD-RjUL</subfield>
  </datafield>
  <datafield tag="041" ind1=" " ind2=" ">
    <subfield code="a">urd</subfield>
  </datafield>
  <datafield tag="082" ind1=" " ind2=" ">
    <subfield code="2">23</subfield>
    <subfield code="a">891.43909</subfield>
    <subfield code="b">YAM 1977</subfield>
  </datafield>
  <datafield tag="100" ind1="1" ind2="0">
    <subfield code="a"> Jasmine, Zahra Begum  ;;   &#x64A;&#x627;&#x633;&#x645;&#x64A;&#x646;&#x60C; &#x632;&#x647;&#x631;&#x647; &#x628;&#x649;&#x6AF;&#x645;</subfield>
    <subfield code="9">8528</subfield>
  </datafield>
  <datafield tag="245" ind1="1" ind2="0">
    <subfield code="a">&#x645;&#x646;&#x649;&#x631; &#x634;&#x6A9;&#x648;&#x647; &#x622;&#x628;&#x627;&#x62F;&#x649; : &#x633;&#x648;&#x627;&#x646;&#x62D; &#x62D;&#x649;&#x627;&#x62A; &#x648; &#x6A9;&#x644;&#x627;&#x645; &#x67E;&#x631; &#x62A;&#x628;&#x635;&#x631;&#x647; ;;  Mun&#x12B;r Shikoh&#x101;b&#x101;d&#x12B; : sav&#x101;ni&#x1E25;-i &#x1E25;ay&#x101;t va kal&#x101;m par tab&#x1E63;irah /</subfield>
    <subfield code="c"> Zuhrah Begam Y&#x101;sm&#x12B;n  ;;  &#x632;&#x647;&#x631;&#x647; &#x628;&#x649;&#x64A;&#x6AF;&#x645; &#x64A;&#x627;&#x633;&#x645;&#x64A;&#x646;</subfield>
  </datafield>
  <datafield tag="260" ind1=" " ind2=" ">
    <subfield code="a"> Lakhna&#x2BC;&#x16B;, : </subfield>
    <subfield code="b"> &#x646;&#x633;&#x649;&#x645; &#x628;&#x6A9; &#x688;&#x67E;&#x648;&#x60C;,</subfield>
    <subfield code="c">1970</subfield>
  </datafield>
  <datafield tag="600" ind1=" " ind2=" ">
    <subfield code="a">Mun&#x12B;r Shikoh&#x101;b&#x101;d&#x12B;, Sayyid Ism&#x101;&#x2BB;&#x12B;l &#x1E24;usain, </subfield>
    <subfield code="d">1813- 1879 or 1880 </subfield>
    <subfield code="x">Criticism and interpretation</subfield>
    <subfield code="9">8529</subfield>
  </datafield>
  <datafield tag="650" ind1=" " ind2=" ">
    <subfield code="a">Poets, Urdu</subfield>
  </datafield>
  <datafield tag="942" ind1=" " ind2=" ">
    <subfield code="2">ddc</subfield>
    <subfield code="c">BK</subfield>
  </datafield>
  <datafield tag="999" ind1=" " ind2=" ">
    <subfield code="c">81761</subfield>
    <subfield code="d">81761</subfield>
  </datafield>
  <datafield tag="952" ind1=" " ind2=" ">
    <subfield code="0">0</subfield>
    <subfield code="1">0</subfield>
    <subfield code="2">ddc</subfield>
    <subfield code="4">0</subfield>
    <subfield code="7">1</subfield>
    <subfield code="8">NFIC</subfield>
    <subfield code="a">RUCL</subfield>
    <subfield code="b">RUCL</subfield>
    <subfield code="c">Reading</subfield>
    <subfield code="d">1989-08-09</subfield>
    <subfield code="e">karim int</subfield>
    <subfield code="g">15.00</subfield>
    <subfield code="o">U 891.439092 YAM 1977</subfield>
    <subfield code="r">2023-08-24 00:00:00</subfield>
    <subfield code="t">C-1</subfield>
    <subfield code="y">BK</subfield>
  </datafield>
  <datafield tag="952" ind1=" " ind2=" ">
    <subfield code="0">0</subfield>
    <subfield code="1">0</subfield>
    <subfield code="2">ddc</subfield>
    <subfield code="4">0</subfield>
    <subfield code="7">0</subfield>
    <subfield code="8">NFIC</subfield>
    <subfield code="a">RUCL</subfield>
    <subfield code="b">RUCL</subfield>
    <subfield code="c">GEN</subfield>
    <subfield code="d">1989-08-09</subfield>
    <subfield code="e">karim int</subfield>
    <subfield code="g">15.00</subfield>
    <subfield code="o">U 891.439092 YAM 1977</subfield>
    <subfield code="r">2023-08-24 00:00:00</subfield>
    <subfield code="t">C-2</subfield>
    <subfield code="y">BK</subfield>
  </datafield>
</record>
